=LDR 00000nam 2200000 4500 =001 NUTBA000000000001651 =990 ##$$a 21196337/BPAP-NTB/2014 =990 ##$$a 21196337/BPAP-NTB/2014 =005 20140508114006.0 =990 ##$$a 0001/BPAP-NTB/20142015 =990 ##$$a 0001/BPAP-NTB/20142015 =006 =990 ##$$a 0001/BPAP-NTB/20142015 =990 ##$$a 0001/BPAP-NTB/20142015 =007 =990 ##$$a 01201807184 =990 ##$$a 01201807184 =008 =990 ##$$a 00093432 =990 ##$$a 00093432 =035 ##$$0010-051400000000116 =082 ##$$a 372.8 =090 ##$$a 372.8 Put p =100 ##$$a Drs. Ramadhan Putra =245 ##$$a Ringkasan Materi Lengkap Pengetahuan Sosial Terpadu untuk SD kls. IV, V & VI =260 ##$$a Surabaya $b Pustaka Agung $c 2004 =300 ##$$a 320 hlm $b ilus $c 21 cm =850 ##$$a nbpnmat =990 ##$$a 21196337/BPAP-NTB/2014 =990 ##$$a 0001/BPAP-NTB/20142015 =990 ##$$a 0001/BPAP-NTB/20142015 =990 ##$$a 71847184 =990 ##$$a 01201807184 =990 ##$$a 21196337/BPAP-NTB/2014 =990 ##$$a 0001/BPAP-NTB/20142015 =990 ##$$a 0001/BPAP-NTB/20142015 =990 ##$$a 03760376 =990 ##$$a 00093432 =990 ##$$a 21196337/BPAP-NTB/2014 =990 ##$$a 0001/BPAP-NTB/20142015 =990 ##$$a 0001/BPAP-NTB/20142015 =990 ##$$a 01201807184